Semináře a závěr studia oboru ekonomika průmyslu

Saved in:
Bibliographic Details
Main Author: Synek, Miloslav
Corporate Author: Vysoká škola ekonomická v Praze. Výrobně ekonomická fakulta
Other Authors: Dvořáčková, Andrea
Format: Book
Language:Czech
Published: Praha Státní pedagogické nakladatelství 1984
Edition:2. přeprac. vyd.
Tags: Add Tag
No Tags, Be the first to tag this record!

MARC

LEADER 00000nam a2200000 4500
001 c108846
005 20190423074010.5
041 0 |a cze 
044 |a CZ 
245 1 0 |a Semináře a závěr studia  |b oboru ekonomika průmyslu  |c Miloslav Synek, Andrea Dvořáčková 
250 |a 2. přeprac. vyd. 
264 1 |a Praha  |b Státní pedagogické nakladatelství  |c 1984 
300 |a 80 s. 
100 1 |a Synek, Miloslav 
700 1 |a Dvořáčková, Andrea 
710 2 |a Vysoká škola ekonomická v Praze. Výrobně ekonomická fakulta